00738 a2200205 4500020001000000035001300010037004300023082000600066090001500072100002600087245006400113260004000177270008800217300002400305490002600329500002500355942002100380999001500401952011600416 c75.00 aB-211048 bRP-PV-4 / PANSY-07-08:5 / RP-07-08:ENG14aN c3772d37721 aGardner, Erle Stanley1 aThe case of the Golddigger's Pursecby Erle Stanley Gardner aBangalorebMaster Mind Booksc2006r aNo. 25, Vasan Towers, Dr. TCM Royan Raode560053k080-26705679mvasanbks@bgl.net.in a224 pc18 cm (pbk) aA perry mason mystery aThis is reprint 2006 adplcENkN / GAR c3694d3694 00102ddc407-18FICaZLSbZLSg75.00l0oN GARpB-211048r2008-09-15 00:00:00t1u3931v75.00w2008-09-15yEN